00518nam a2200181 a 45000010010000000030011000100080041000210350026000620820014000881000027001022450020001292600037001496500013001869420012001999520090002119980020003019990015003210000-8610ELIB.Books110520 1982  a(ELIB.Books)0000-8756 a230 bWea aWeatherhead, Leslie D. aThe will of God bNashville: Abingdon Press c1982 aTheology 2ddccBK 00102ddc4070aKBTSbKBTSd2011-05-20l0p7047r2022-01-22 00:00:00w2022-01-22yBK cbate2011-05-20 c8610d8610